Realistický pohled na českou zahraniční politiku
Hodnotenie súčasnej českej zahraničnej politiky autorom článku, ktorý je poslancom Európskeho parlamentu. Európska integrácia. Politika Českej republiky voči Európskej únii. Politika susedstva. Ekonomická diplomacia. Marketing Českej republiky. Rozvojová pomoc.
Saved in:
| Main Author: | |
|---|---|
| Format: | Book Chapter |
| Language: | Czech |
| Subjects: | |
| Tags: |
No Tags, Be the first to tag this record!
|
MARC
| LEADER | 00000naa$a2200000$$$4500 | ||
|---|---|---|---|
| 001 | 0038330 | ||
| 005 | 20231016092009.4 | ||
| 041 | 0 | |a cze | |
| 044 | |a CZ | ||
| 245 | 1 | 0 | |a Realistický pohled na českou zahraniční politiku |c Jan Zahradil |
| 520 | |a Hodnotenie súčasnej českej zahraničnej politiky autorom článku, ktorý je poslancom Európskeho parlamentu. Európska integrácia. Politika Českej republiky voči Európskej únii. Politika susedstva. Ekonomická diplomacia. Marketing Českej republiky. Rozvojová pomoc. | ||
| 610 | 2 | 0 | |a politika zahraničná |
| 610 | 2 | 0 | |a vzťahy medzinárodné |
| 610 | 2 | 0 | |a spolupráca hospodárska medzinárodná |
| 610 | 2 | 0 | |a integrácia ekonomická medzinárodná |
| 610 | 2 | 0 | |a marketing |
| 610 | 2 | 0 | |a pomoc rozvojová |
| 610 | 2 | 0 | |a Európska únia |
| 610 | 2 | 0 | |a Česko |
| 100 | 1 | |a Zahradil, Jan | |